00848nam a22002057a 4500003000900000008004100009040007100050082002500121100002000146245002500166260005900191300002800250440005200278505019300330650002000523650001900543650001000562700003500572700003500607AR-CdUCM190312b ||||| |||| 00| 0 spa d aMUNICIPALIDAD PROVINCIAL DEL CUSCOcBIBLIOTECA MUNICIPAL DEL CUSCO 24ed.a150.195 /bT48 aThompson, Clara aEl Psicoanálisis / aMéxico, D.F :bFondo de Cultura Económica,c1961,. a250 páginas ;c17 cm. aBreviarios del Fondo de Cultura Económican47 aContenido: Valoración de la orientación biológica de Freud -- El ego y la estructura del carácter -- Los procesos subconscientes y la represión -- Resistencia y transferencia ... aPsicoanálisis aSubconsciencia aFreud aMullahy, Patrick (colaborador) aGortari, Eli de (traducción)